Konštruktívne zásady rozdeľovania financií

Programy štrukturálnych fondov Európskej komisie. Podpora agrárnej politiky a rozvoja vidieka. Zásady práce štrukturálnych fondov - kľúčová, programovania, partnerstva a adicionality.

Saved in:
Bibliographic Details
Main Author: Srnková, Ľ.
Format: Book Chapter
Language:Slovak
Subjects:
Tags: Add Tag
No Tags, Be the first to tag this record!

MARC

LEADER 00000naa a2200000 4500
001 r028070
005 20230824093323.0
041 0 |a slo 
044 |a SK 
245 1 0 |a Konštruktívne zásady rozdeľovania financií  |c Ľ. Srnková 
520 |a Programy štrukturálnych fondov Európskej komisie. Podpora agrárnej politiky a rozvoja vidieka. Zásady práce štrukturálnych fondov - kľúčová, programovania, partnerstva a adicionality. 
610 2 0 |a fondy štruktúrne 
610 2 0 |a Európska únia 
610 2 0 |a Európska komisia 
610 2 0 |a programy rozvojové 
610 2 0 |a poľnohospodárstvo 
610 2 0 |a vidiek 
100 1 |a Srnková, Ľ.